Selling free trade in Central America /

Uloženo v:
Podrobná bibliografie
Hlavní autor: Edwards, Beatrice
Médium: Text
Témata:
Tagy: Přidat tag
Žádné tagy, Buďte první, kdo vytvoří štítek k tomuto záznamu!

MARC

LEADER 00000 a a2200000 04500
001 10003
003
040
100 |a Edwards, Beatrice  
245 |a Selling free trade in Central America /  |c Beatrice Edwards 
650 |a CONVENIOS COMERCIALES  
650 |a LIBRE COMERCIO  
650 |a POLITICA DE COMERCIO EXTERIOR  
650 |a ESTADOS UNIDOS  
650 |a AMERICA CENTRAL  
773 |g volumen 37, número 5; páginas 8-9  
999 |c 27907  |d 27907